Fratries célèbres du sport - Images - Statistiques

Statistiques générales
  • Ce quiz a été pris 128 fois
  • Le résultat moyen est 8 sur 15
Statistiques - réponses
Par images Hint Réponse % Correct
Tennis Vénus & Séréna Williams
100%
Tennis de table Alexis & Félix Lebrun
97%
Natation Laure & Florent Manaudou
96%
Football Eden, Thorgan & Kylian Hazard
90%
Handball Luka & Nikola Karabatic
85%
Formule 1 Ralf & Michael Schumacher
82%
Basketball Stephen & Seth Curry
78%
Saut à la perche Renaud & Valentin Lavillenie
74%
MotoGP Alex & Marc Marquez
49%
Cyclisme Andy & Fränk Schleck
37%
Rugby Jordie, Beauden & Scott Barrett
30%
Sprint Olivia, Jonathan, Kévin & Dylan Borlée
14%
Football américain Peyton & Eli Manning
6%
Escrime Astrid & Brice Guyart
5%
Ski alpin Janica & Ivica Kostelić​
4%
Aucun quiz correspondant
Distribution des résultats
% des personnes avec chaque résultat
Percentile par nombre de réponses
Votre historique - résultats
Vous n’avez pas pris ce quiz